000 00411nam a2200169Ia 4500
008 170705s9999 xx 000 0 und d
020 _a9781561485680
245 _aCock-a-doodle-hooooooo! /
245 _cMick Manning and Brita Granstrom.
260 _aLondon :
260 _bGood Books,
260 _c2007
300 _aunpaged :
300 _bcolor illustration ;
300 _c24cm.
500 _a400
999 _c336938
_d336938